[Event "9th Sunway Sitges 2022"]
[Site "Sitges ESP"]
[Date "2022.12.12"]
[Round "1.95"]
[White "Divya, Deshmukh"]
[Black "Patil, Harshal"]
[Result "1-0"]
[WhiteTitle "WGM"]
[WhiteElo "2347"]
[BlackElo "1928"]
[WhiteFideId "35006916"]
[BlackFideId "45036756"]
[EventDate "2022.12.12"]

1. d4 d5 2. Nc3 Bf5 3. Bf4 e6 4. e3 Nf6 5. Bd3 Bg6 6. h4 c5 7. Bb5+ Nc6 8. h5
Bf5 9. f3 h6 10. g4 Bh7 11. Qd2 cxd4 12. exd4 Bd6 13. O-O-O Qc7 14. Bxd6 Qxd6
15. g5 Ng8 16. Nge2 O-O-O 17. Rdg1 Nge7 18. Bxc6 Nxc6 19. g6 fxg6 20. hxg6 Bg8
21. Rh5 Rf8 22. f4 Rf5 23. Rh3 Rf6 24. Qe3 h5 25. Rg5 Rh6 26. Rhxh5 Rxh5 27.
Rxh5 Rxg6 28. f5 Rf6 29. Rh8 Ne7 30. Nf4 Kd7 31. fxe6+ Bxe6 32. Nd3 Nf5 33. Ne5+
Ke7 34. Qg1 Rh6 35. Qg5+ Rf6 36. Ne2 Qa6 37. Ng6+ Kd7 38. Kd2 Kc7 39. Nc3 Nxd4
40. Qe5+ Kd7 41. Nf8+ Kc6 42. Qxd4 Qf1 43. Qa4+ Kb6 44. Qb4+ Kc6 45. Ne2 Rf2 46.
Qc3+ Kd6 47. Qe3 Bf5 48. Nh7 Bxc2 49. Rd8+ Kc7 50. Qe7+ Kb6 51. Qb4+ Ka6 52.
Qa3+ Kb6 53. Rd6+ 1-0

[Event "9th Sunway Sitges 2022"]
[Site "Sitges ESP"]
[Date "2022.12.12"]
[Round "1.96"]
[White "Villa Tornero, Alex"]
[Black "Van Dael, Siem"]
[Result "1/2-1/2"]
[BlackTitle "FM"]
[WhiteElo "1925"]
[BlackElo "2345"]
[WhiteFideId "54501091"]
[BlackFideId "1049771"]
[EventDate "2022.12.12"]

1. e4 e5 2. Nf3 Nc6 3. Bb5 a6 4. Ba4 Nf6 5. O-O Be7 6. Re1 b5 7. Bb3 O-O 8. a4
b4 9. a5 d6 10. h3 Rb8 11. d3 Bb7 12. Nbd2 Nd7 13. Nf1 Bf6 14. Ne3 Ne7 15. Ng4
Ng6 16. Be3 Be7 17. g3 Kh8 18. h4 f5 19. Ngh2 f4 20. Bd2 d5 21. h5 fxg3 22. fxg3
Bc5+ 23. Be3 Bxe3+ 24. Rxe3 Ne7 25. h6 gxh6 26. Ng4 d4 27. Re1 Ng8 28. Kg2 h5
29. Ngxe5 Nxe5 30. Nxe5 Qf6 31. Qxh5 Qf2+ 32. Kh1 Nf6 33. Qh6 Qf5 34. Nf7+ Rxf7
35. Rf1 Bxe4+ 36. dxe4 Qxe4+ 37. Kg1 Ng4 38. Qd2 Rxf1+ 39. Rxf1 Re8 40. Rf4 Qe3+
41. Qxe3 dxe3 42. Bc4 Nf2 43. Kg2 c5 44. Bxa6 Ra8 45. Be2 Rxa5 46. Kf3 Nh3 47.
Rc4 Ng5+ 48. Kxe3 Nf7 49. b3 Nd6 50. Rg4 Ra8 51. Bd3 Re8+ 52. Kf4 Re7 53. Rg5
Rc7 54. Bc4 h6 55. Rg8+ Kh7 56. Rd8 Nxc4 57. bxc4 Rf7+ 58. Ke3 Rg7 59. Kf3 Rf7+
60. Ke4 Rf2 61. Rc8 Rxc2 62. Rxc5 Rc3 63. Kd4 Rxg3 64. Rb5 Rg4+ 65. Kc5 h5 66.
Kxb4 h4 67. Rf5 Kg6 68. Rf1 Rg2 69. c5 Kg5 70. Rc1 Kf4 71. c6 Rg8 72. Kc5 Rh8
73. c7 h3 74. Kd4 h2 75. Kd5 Kg3 1/2-1/2

[Event "9th Sunway Sitges 2022"]
[Site "Sitges ESP"]
[Date "2022.12.12"]
[Round "1.97"]
[White "Alexiadis, Hristos"]
[Black "Bonoo, Iwan"]
[Result "1-0"]
[WhiteTitle "FM"]
[WhiteElo "2342"]
[BlackElo "1925"]
[WhiteFideId "4249623"]
[BlackFideId "1028367"]
[EventDate "2022.12.12"]

1. e4 c5 2. Nf3 Nc6 3. Bb5 d6 4. O-O g6 5. d4 cxd4 6. Qxd4 Nf6 7. e5 Nh5 8. exd6
Bg7 9. Qd1 exd6 10. Re1+ Be6 11. c3 O-O 12. Nbd2 Ne5 13. Nd4 a6 14. Bf1 Bg4 15.
f3 Qh4 16. Ne4 Bxf3 17. gxf3 h6 18. Be3 Nf4 19. Qd2 Ne6 20. Qg2 d5 21. Nf2 Nc6
22. Nxc6 bxc6 23. Rad1 Rad8 24. Nd3 d4 25. Bf2 Qh5 26. c4 Ng5 27. Be2 Nh3+ 28.
Kf1 Nxf2 29. Nxf2 Qa5 30. Bd3 Qxa2 31. Ne4 Qb3 32. f4 Qb8 33. f5 Qf4+ 34. Qf2
Be5 35. Qxf4 Bxf4 36. Re2 g5 37. Ra1 Ra8 38. Ra5 f6 39. c5 Kg7 40. Nd6 Be3 41.
Be4 Ra7 42. Bxc6 Rb8 43. Bd5 Re7 44. Rxa6 d3 45. Rxe3 Rxe3 46. Ra7+ Kh8 47. Nf7+
Kg8 48. Ne5+ 1-0

[Event "9th Sunway Sitges 2022"]
[Site "Sitges ESP"]
[Date "2022.12.12"]
[Round "1.98"]
[White "Jove Albaiges, Guillem"]
[Black "Dalaud, Dorian"]
[Result "1/2-1/2"]
[BlackTitle "FM"]
[WhiteElo "1922"]
[BlackElo "2342"]
[WhiteFideId "54720117"]
[BlackFideId "36093270"]
[EventDate "2022.12.12"]

1. d4 g6 2. c4 Bg7 3. Nc3 Nf6 4. Nf3 O-O 5. g3 c5 6. Bg2 d6 7. O-O Nc6 8. d5 Na5
9. Qd3 e5 10. e4 a6 11. h3 b5 12. b3 b4 13. Ne2 Nxe4 14. Qxe4 Bf5 15. Qe3 e4 16.
Nd2 Bxa1 17. g4 Bd7 18. Nxe4 Nb7 19. Qg3 Bg7 20. Bg5 f6 21. Bf4 Re8 22. Bf3 g5
23. Bc1 Qe7 24. Qh2 Qf7 25. N2g3 h6 26. h4 Re7 27. Nf5 Bxf5 28. gxf5 g4 29. Bg2
Re5 30. Bf4 Rae8 31. Bxe5 Rxe5 32. Ng3 h5 33. Be4 Bh6 34. Qg2 Qe8 35. f3 Be3+
36. Kh1 Kh8 37. Re1 Bf4 38. Rg1 Bxg3 39. Qxg3 Rxe4 40. fxe4 Qxe4+ 41. Rg2 Kg7
42. Qf2 Nd8 43. Kh2 Nf7 44. Rg3 Ne5 45. Re3 Nf3+ 46. Qxf3 Qxf3 47. Rxf3 gxf3 1/2-1/2

[Event "9th Sunway Sitges 2022"]
[Site "Sitges ESP"]
[Date "2022.12.12"]
[Round "1.99"]
[White "Pablo Mari, Alejandro"]
[Black "Pina, Tiago"]
[Result "1-0"]
[WhiteTitle "FM"]
[WhiteElo "2338"]
[BlackElo "1916"]
[WhiteFideId "2200287"]
[BlackFideId "1950673"]
[EventDate "2022.12.12"]

1. Nf3 Nf6 2. d4 d5 3. Bf4 c5 4. e3 Nc6 5. Nbd2 Qb6 6. dxc5 Qxb2 7. Rb1 Qc3 8.
Bb5 Qxc5 9. c4 e6 10. O-O Be7 11. Nb3 Qa3 12. Nfd4 O-O 13. Nc2 Qxa2 14. Qc1 Na5
15. Nd2 Nxc4 16. Bxc4 Qa5 17. Bd3 Nd7 18. Bg3 e5 19. Rb5 Qc3 20. Rxd5 f6 21. Bc4
Kh8 22. Rd3 Qa5 23. Qa1 Qc7 24. Rc3 Nc5 25. Nb4 Bd7 26. Nd5 Qd6 27. Nxe7 Qxe7
28. Bd5 Rfd8 29. Rfc1 Be6 30. Rxc5 Bxd5 31. Nf1 Be4 32. f3 Bd3 33. Rc7 Qb4 34.
Qc3 Qb5 35. Rc5 Qa6 36. e4 b6 37. Rc7 Bxf1 38. Rxf1 Rd3 39. Qa1 Ra3 40. Qc1 Rd8
41. Bf2 h5 42. Be3 Ra2 43. Rxg7 Qe2 44. Bf2 Kxg7 45. Qc7+ Kg6 46. Qxd8 Rd2 47.
Qg8+ Kh6 48. h3 Rd1 49. Rxd1 Qxd1+ 50. Kh2 Qd2 51. Bh4 Qf4+ 52. Bg3 Qd2 53. Qf7 1-0

[Event "9th Sunway Sitges 2022"]
[Site "Sitges ESP"]
[Date "2022.12.12"]
[Round "1.100"]
[White "Cafolla, Peter"]
[Black "Sidhant, Mohapatra"]
[Result "0-1"]
[BlackTitle "IM"]
[WhiteElo "1915"]
[BlackElo "2337"]
[WhiteFideId "2500884"]
[BlackFideId "5028698"]
[EventDate "2022.12.12"]

1. d4 Nf6 2. c4 e6 3. Nc3 Bb4 4. f3 d5 5. a3 Bxc3+ 6. bxc3 O-O 7. cxd5 exd5 8.
e3 c5 9. Bd3 b6 10. Ne2 Ba6 11. Bxa6 Nxa6 12. O-O Re8 13. Ng3 Qd7 14. Rb1 Nb8
15. Rf2 Nc6 16. e4 cxd4 17. Bg5 dxe4 18. fxe4 dxc3 19. Bxf6 Qxd1+ 20. Rxd1 gxf6
21. Rd3 Ne5 22. Rxc3 Rac8 23. Rfc2 Rxc3 24. Rxc3 Rd8 25. Nf5 h5 26. h3 Rd3 27.
Rxd3 Nxd3 28. Kf1 Ne5 29. Nd6 a6 30. Ke2 Kg7 31. Ke3 Kg6 32. h4 Nc6 33. Nc4 b5
34. Nd6 Kg7 35. Ne8+ Kg6 36. Nd6 b4 37. axb4 Nxb4 38. Kd2 Nc6 39. Kc3 Ne7 40.
Kc4 f5 41. e5 f4 42. Kd4 Nf5+ 43. Ke4 Nxh4 44. Kxf4 Nxg2+ 45. Kg3 Ne3 46. Kf4
Nd5+ 47. Ke4 Nc7 48. Nf5 a5 0-1

[Event "9th Sunway Sitges 2022"]
[Site "Sitges ESP"]
[Date "2022.12.12"]
[Round "1.101"]
[White "Ilamparthi, A R"]
[Black "Mashchenko, Tamila"]
[Result "1-0"]
[WhiteElo "2336"]
[BlackElo "1913"]
[WhiteFideId "45015775"]
[BlackFideId "14154463"]
[EventDate "2022.12.12"]

1. e4 c5 2. Nf3 d6 3. d4 cxd4 4. Nxd4 Nf6 5. Nc3 g6 6. Be3 Bg7 7. f3 O-O 8. Qd2
Nc6 9. O-O-O d5 10. exd5 Nxd5 11. Nxc6 bxc6 12. Bd4 Bxd4 13. Qxd4 Qb6 14. Na4
Qa5 15. b3 Be6 16. Qe5 Qb4 17. Kb2 Rab8 18. Rd4 Qd6 19. Qxd6 exd6 20. Bc4 Ne3
21. Bxe6 fxe6 22. Rd3 Nxg2 23. Rxd6 Rxf3 24. Rxe6 Rc8 25. Rd1 c5 26. Rd7 c4 27.
b4 Ne3 28. Nc3 Rb8 29. b5 Nf5 30. a4 Ra8 31. Ne4 c3+ 32. Ka2 Ng7 33. Ree7 Nh5
34. Rxa7 Rd8 35. b6 1-0

[Event "9th Sunway Sitges 2022"]
[Site "Sitges ESP"]
[Date "2022.12.12"]
[Round "1.102"]
[White "Gregersen, Hedin"]
[Black "Papadiamandis, Elliot"]
[Result "0-1"]
[BlackTitle "IM"]
[WhiteElo "1912"]
[BlackElo "2334"]
[WhiteFideId "7200226"]
[BlackFideId "36074160"]
[EventDate "2022.12.12"]

1. Nf3 c5 2. c4 Nf6 3. g3 d5 4. cxd5 Nxd5 5. Bg2 Nc6 6. O-O e5 7. Nc3 Nc7 8. d3
Be7 9. b3 O-O 10. Bb2 Be6 11. Rc1 Na6 12. Nxe5 Nxe5 13. Bxb7 Nc7 14. Bxa8 Qxa8
15. Ne4 Nd7 16. f4 Bh3 17. Rf2 f5 18. Ng5 Bxg5 19. fxg5 Ne6 20. Qd2 f4 21. Rc4
fxg3 22. Rxf8+ Qxf8 23. Qe1 Nxg5 24. hxg3 Be6 25. Rh4 Qd6 26. d4 cxd4 27. Rxd4
Qe5 28. Qf1 Qxg3+ 29. Qg2 Qe3+ 30. Kh2 Qe5+ 31. Kh1 h6 32. e4 Qf4 33. e5 Qe3 34.
Rd2 Qe1+ 35. Kh2 Qxd2 0-1

[Event "9th Sunway Sitges 2022"]
[Site "Sitges ESP"]
[Date "2022.12.12"]
[Round "1.103"]
[White "Borocz, Istvan1"]
[Black "Herman Gamazo, Isaac"]
[Result "1-0"]
[WhiteTitle "IM"]
[WhiteElo "2334"]
[BlackElo "1906"]
[WhiteFideId "703036"]
[BlackFideId "54586470"]
[EventDate "2022.12.12"]

1. Nc3 Nf6 2. d4 d5 3. Bg5 g6 4. Qd2 Bg7 5. Bh6 O-O 6. h4 c5 7. Bxg7 Kxg7 8. h5
Nc6 9. hxg6 fxg6 10. Nf3 a6 11. Qh6+ Kg8 12. Ng5 Nxd4 13. Nxh7 Nxc2+ 14. Kd1 Bf5
15. Ng5 1-0

[Event "9th Sunway Sitges 2022"]
[Site "Sitges ESP"]
[Date "2022.12.12"]
[Round "1.104"]
[White "Borrellas Comellas, Josep"]
[Black "Jain, Kashish Manoj"]
[Result "0-1"]
[BlackTitle "FM"]
[WhiteElo "1905"]
[BlackElo "2334"]
[WhiteFideId "2209993"]
[BlackFideId "35081098"]
[EventDate "2022.12.12"]

1. e4 c5 2. Nf3 d6 3. d4 cxd4 4. Qxd4 Nf6 5. e5 Nc6 6. Bb5 Qa5+ 7. Nc3 Qxb5 8.
Nxb5 Nxd4 9. Nfxd4 dxe5 10. Nf3 Nd5 11. Nxe5 a6 12. c4 axb5 13. cxd5 e6 14. dxe6
Bxe6 15. a3 Bd6 16. Nd3 Bc4 17. Bf4 O-O-O 18. O-O-O Bxd3 19. Bxd6 Rxd6 20. Rd2
Rc6+ 21. Kd1 Rd8 0-1

[Event "9th Sunway Sitges 2022"]
[Site "Sitges ESP"]
[Date "2022.12.12"]
[Round "1.105"]
[White "Heinemann, Josefine"]
[Black "Harish, Neeraj"]
[Result "1-0"]
[WhiteTitle "WGM"]
[BlackTitle "CM"]
[WhiteElo "2332"]
[BlackElo "1902"]
[WhiteFideId "12900460"]
[BlackFideId "30958130"]
[EventDate "2022.12.12"]

1. e4 c5 2. Nf3 Nc6 3. Bb5 g6 4. O-O Bg7 5. c3 e5 6. d4 cxd4 7. cxd4 exd4 8. Bf4
a6 9. Qa4 Nge7 10. Bd6 Ra7 11. Bd3 b5 12. Qa3 Bb7 13. e5 Nc8 14. Bc5 Ra8 15.
Nbd2 d6 16. exd6 O-O 17. Rfe1 b4 18. Qa4 Qd7 19. Nc4 Rd8 20. Qb3 a5 21. Be4 a4
22. Qd1 Rb8 23. Qxa4 Bf8 24. Qb3 Bxd6 25. Nxd6 Nxd6 26. Bxc6 Qxc6 27. Bxd4 Qc4
28. Bf6 Rdc8 29. Be5 Qxb3 30. axb3 Bxf3 31. gxf3 Rb6 32. Rac1 Re8 33. Bd4 Rbb8
34. Rxe8+ Rxe8 35. Rc6 Nf5 36. Bf6 h6 37. Kf1 g5 38. Rc4 Re6 39. Bd4 Nxd4 40.
Rxd4 Rc6 41. Rxb4 Rc7 42. Kg2 Rc2 43. f4 Rxb2 44. fxg5 hxg5 45. Kg3 Kg7 46. f3
f5 47. h4 gxh4+ 48. Kxh4 Kf6 49. f4 Rh2+ 50. Kg3 Rb2 51. Rb6+ Kf7 52. Kf3 Rb1
53. Ke2 Ke7 54. Kd3 Rf1 55. Ke3 Re1+ 56. Kf2 Rb1 57. Ke2 Kd7 58. Rb5 Ke6 59. Kd2
Rf1 60. Ke3 Re1+ 61. Kf2 Rb1 62. Ke2 Kf6 63. Kd3 Rf1 64. Rb4 Rf3+ 65. Kc2 Rf2+
66. Kc3 Rf3+ 67. Kb2 Rd3 68. Kc2 Rf3 69. Rd4 Ke6 70. b4 Ra3 71. Kb2 Ra8 72. Kb3
Rb8 73. Kc4 Rc8+ 74. Kb5 Rb8+ 75. Kc6 1-0

[Event "9th Sunway Sitges 2022"]
[Site "Sitges ESP"]
[Date "2022.12.12"]
[Round "1.106"]
[White "Bibilashvili, Lali"]
[Black "Reprintsev, Alexander"]
[Result "0-1"]
[WhiteTitle "WCM"]
[BlackTitle "IM"]
[WhiteElo "1900"]
[BlackElo "2330"]
[WhiteFideId "13604236"]
[BlackFideId "14100541"]
[EventDate "2022.12.12"]

1. Nf3 d5 2. g3 Nc6 3. d4 Bf5 4. c3 Qd7 5. Bg2 Bh3 6. O-O h5 7. Nh4 O-O-O 8. b4
Bxg2 9. Kxg2 e6 10. Qa4 Kb8 11. b5 Nce7 12. Nd2 g5 13. Nhf3 Ng6 14. Nxg5 h4 15.
Nb3 f6 16. Na5 fxg5 17. Nc6+ bxc6 18. bxc6 Qc8 19. Rb1+ Ka8 20. Rb7 Qxb7 21.
cxb7+ Kb8 22. Bxg5 Be7 23. Be3 Nf6 24. f3 hxg3 25. hxg3 Rdg8 26. g4 Nh5 27. Qd7
Bd6 28. g5 Rg7 29. Qc6 Ne7 30. Qa6 Nf5 31. Qd3 Bf4 32. Rh1 Bxe3 33. Qb5 Nf4+ 0-1

[Event "9th Sunway Sitges 2022"]
[Site "Sitges ESP"]
[Date "2022.12.12"]
[Round "1.107"]
[White "Karavade, Eesha"]
[Black "Schopf, Martin"]
[Result "1-0"]
[WhiteTitle "IM"]
[WhiteElo "2325"]
[BlackElo "1900"]
[WhiteFideId "5012600"]
[BlackFideId "4644492"]
[EventDate "2022.12.12"]

1. d4 e6 2. c4 d5 3. Nf3 Nf6 4. g3 Bb4+ 5. Bd2 Be7 6. Bg2 O-O 7. O-O c6 8. Qc2
Nbd7 9. Bf4 b6 10. Nbd2 Bb7 11. e4 Rc8 12. e5 Nh5 13. Be3 g6 14. c5 Qc7 15. b4
a5 16. a3 axb4 17. axb4 Ra8 18. Nb3 Ba6 19. Rfc1 Bc4 20. cxb6 Nxb6 21. Nc5 Rfb8
22. Nd2 Bb5 23. Bf1 Ng7 24. Rxa8 Rxa8 25. Nxe6 Nxe6 26. Bxb5 cxb5 27. Qxc7 Nxc7
28. Rxc7 Bxb4 29. Rb7 Bxd2 30. Bxd2 Nc4 31. Bb4 Rd8 32. Rxb5 Kg7 33. Rb7 Re8 34.
Be7 Nd2 35. Kg2 Ne4 36. f3 Nc3 37. e6 1-0

[Event "9th Sunway Sitges 2022"]
[Site "Sitges ESP"]
[Date "2022.12.12"]
[Round "1.108"]
[White "Labrovic, Jakov"]
[Black "Pourkashiyan, Atousa"]
[Result "0-1"]
[BlackTitle "WGM"]
[WhiteElo "1891"]
[BlackElo "2321"]
[WhiteFideId "14549786"]
[BlackFideId "12502014"]
[EventDate "2022.12.12"]

1. e4 c5 2. d4 cxd4 3. Qxd4 Nc6 4. Qe3 Nf6 5. Nc3 d6 6. Bc4 g6 7. Nge2 Bg7 8.
Bd2 a6 9. Nd4 Nxd4 10. Qxd4 O-O 11. Be2 b5 12. Qd3 b4 13. Nd1 a5 14. c4 Bb7 15.
Bf3 Nd7 16. Bf4 Rc8 17. Rc1 Nc5 18. Qe2 f5 19. exf5 Bxf3 20. gxf3 Rxf5 21. Be3
Qf8 22. Bxc5 Rcxc5 23. O-O Rxf3 24. Ne3 Rg5+ 25. Kh1 Be5 26. Ng2 Qf5 27. Nh4 Qh3 0-1

[Event "9th Sunway Sitges 2022"]
[Site "Sitges ESP"]
[Date "2022.12.12"]
[Round "1.109"]
[White "Priyanka, Nutakki"]
[Black "Benseny Martinez, Guerau"]
[Result "1-0"]
[WhiteTitle "WGM"]
[WhiteElo "2316"]
[BlackElo "1890"]
[WhiteFideId "25049615"]
[BlackFideId "24597481"]
[EventDate "2022.12.12"]

1. d4 Nf6 2. c4 e6 3. Nf3 d5 4. Nc3 c6 5. e3 Bd6 6. Be2 O-O 7. O-O Nbd7 8. b3 a6
9. a4 a5 10. Bb2 b6 11. Qc2 Bb7 12. Rad1 Bb4 13. Nd2 Qe7 14. e4 c5 15. e5 Ne8
16. Nb5 Rc8 17. Qd3 cxd4 18. Qxd4 Bc5 19. Qg4 f5 20. Qg3 Qf7 21. Bf3 Bc6 22. Na7
Rc7 23. Nxc6 Rxc6 24. cxd5 exd5 25. Nc4 f4 26. Qh3 Nc7 27. Bg4 Rh6 28. Qf3 Nb8
29. e6 Nxe6 30. Qxd5 Rd8 31. Qxd8+ Nxd8 32. Rxd8+ Bf8 33. Ba3 1-0

[Event "9th Sunway Sitges 2022"]
[Site "Sitges ESP"]
[Date "2022.12.12"]
[Round "1.110"]
[White "Levy, Benyamin"]
[Black "Bhambure, Shantanu"]
[Result "1/2-1/2"]
[BlackTitle "FM"]
[WhiteElo "1888"]
[BlackElo "2306"]
[WhiteFideId "2815460"]
[BlackFideId "5025931"]
[EventDate "2022.12.12"]

1. e4 c6 2. d4 d5 3. Nd2 dxe4 4. Nxe4 Nf6 5. Nxf6+ exf6 6. Bc4 Na6 7. Ne2 Bd6 8.
Bf4 Nc7 9. O-O O-O 10. Qd2 Re8 11. Rfe1 Be6 12. Bxe6 fxe6 13. Bxd6 Qxd6 14. Qf4
Rad8 15. Qxd6 Rxd6 16. Rad1 Red8 17. Rd3 b6 18. g3 g5 19. h3 Kf7 20. Red1 Nd5
21. a3 f5 22. Kg2 h5 23. Ng1 g4 24. Ne2 b5 25. h4 a5 26. Nf4 Nxf4+ 27. gxf4 Ke7
28. Kf1 Rc8 29. Ke2 c5 30. d5 c4 31. Re3 Rcd8 32. Rxe6+ Rxe6+ 33. dxe6 Rxd1 34.
Kxd1 Kxe6 35. Kd2 Kd5 36. Ke3 b4 37. a4 Kc5 38. c3 bxc3 39. bxc3 Kd5 40. f3 gxf3
41. Kxf3 Ke6 42. Ke3 1/2-1/2

[Event "9th Sunway Sitges 2022"]
[Site "Sitges ESP"]
[Date "2022.12.12"]
[Round "1.111"]
[White "Dixit, Nikhil"]
[Black "Levesque, Guillaume"]
[Result "1-0"]
[WhiteTitle "FM"]
[WhiteElo "2306"]
[BlackElo "1887"]
[WhiteFideId "5059534"]
[BlackFideId "20698330"]
[EventDate "2022.12.12"]

1. e4 c5 2. Nf3 d6 3. Bb5+ Nd7 4. O-O a6 5. Bd3 Ngf6 6. c3 e5 7. Bc2 Be7 8. d4
cxd4 9. cxd4 exd4 10. Nxd4 O-O 11. Nc3 Ne5 12. h3 b5 13. a3 Re8 14. Nf5 Bxf5 15.
exf5 d5 16. Ne2 Bc5 17. Bg5 d4 18. Nf4 Qd6 19. Nd3 Nxd3 20. Bxd3 Ne4 21. Bh4 Qf4
22. Qg4 Qxg4 23. hxg4 Nd2 24. Rfe1 Nb3 25. Rxe8+ Rxe8 26. Rd1 Bb6 27. Kf1 Kf8
28. Bg3 Rd8 29. Bf4 Ke7 30. Ke2 Kd7 31. g5 Re8+ 32. Kf3 Na5 33. Rc1 Rc8 34. Rxc8
Kxc8 35. Ke4 Nc4 36. b3 Nb2 37. Be5 Nxd3 38. Kxd3 g6 39. Bxd4 Bd8 40. fxg6 hxg6
41. Bf6 Bb6 42. Bd4 Bd8 43. f4 Kd7 44. Ke4 Kd6 45. b4 Kc6 46. g3 Bc7 47. g4 Bb8
48. Be3 Bc7 49. Bd4 Bb8 50. Be5 Ba7 51. f5 Bb6 52. Bf4 Ba7 53. Ke5 Bb8+ 54. Kf6
Bxf4 55. Kxf7 gxf5 56. g6 1-0

[Event "9th Sunway Sitges 2022"]
[Site "Sitges ESP"]
[Date "2022.12.12"]
[Round "1.112"]
[White "Samaganova, Aleksandra"]
[Black "Lim, Zhuo Ren"]
[Result "0-1"]
[WhiteTitle "WFM"]
[BlackTitle "FM"]
[WhiteElo "1884"]
[BlackElo "2305"]
[WhiteFideId "13800221"]
[BlackFideId "5702488"]
[EventDate "2022.12.12"]

1. c4 c5 2. Nf3 Nc6 3. e3 Nf6 4. Nc3 g6 5. d4 cxd4 6. Nxd4 Bg7 7. Be2 d5 8. cxd5
Nxd5 9. Bf3 Nxc3 10. bxc3 Ne5 11. O-O O-O 12. Be2 Bd7 13. Qb3 Qc7 14. Rb1 b6 15.
Ba3 Rfe8 16. Rfc1 Rac8 17. c4 Ng4 18. Bxg4 Bxg4 19. c5 bxc5 20. Rxc5 Qb8 21. Nc6
Qxb3 22. Rxb3 Rc7 23. Rd3 Bf6 24. f3 Be6 25. Nd4 Rd7 26. Rd2 Rb8 27. Ra5 h5 28.
Bc5 Rb1+ 29. Kf2 Bc4 30. g3 h4 31. Ra4 Bb5 32. Rb4 Rxb4 33. Bxb4 Ba4 34. a3 Rc7
35. Ne2 Kg7 36. Nf4 e6 37. Ne2 Rc4 38. Bd6 g5 39. e4 hxg3+ 40. hxg3 Kg6 41. g4
Bd8 42. Kg3 Bb6 43. Rb2 Rc8 44. f4 f6 45. e5 Rc6 46. Bb8 f5 47. Bd6 Bd1 48.
gxf5+ Kxf5 49. fxg5 Rc4 50. Bb4 Re4 51. Nc3 Rg4+ 52. Kh3 Bf3 53. Nb5 Be3 54. Be7
a5 55. Bf6 Bd4 56. Rb1 Bf2 57. g6 Rg3+ 58. Kh2 Rxg6 0-1

[Event "9th Sunway Sitges 2022"]
[Site "Sitges ESP"]
[Date "2022.12.12"]
[Round "1.113"]
[White "Gong, Qianyun"]
[Black "Paricharak, Shardul"]
[Result "1-0"]
[WhiteTitle "WGM"]
[WhiteElo "2299"]
[BlackElo "1881"]
[WhiteFideId "8602425"]
[BlackFideId "7500432"]
[EventDate "2022.12.12"]

1. e4 e6 2. d4 b6 3. Bd3 Bb7 4. Ne2 c5 5. c3 cxd4 6. cxd4 Bb4+ 7. Nbc3 Nf6 8.
O-O O-O 9. Ng3 Na6 10. Qa4 Bxc3 11. bxc3 Qc8 12. Bg5 Qc6 13. Bb5 Qc8 14. Bxf6
gxf6 15. Nh5 Nc7 16. Nxf6+ Kg7 17. Bxd7 Qd8 18. e5 Nd5 19. Nxd5 Bxd5 20. c4 Bxc4
21. Qxc4 Qxd7 22. Rad1 Rac8 23. Qe2 Qd5 24. f4 Rg8 25. f5 exf5 26. Rxf5 Rc4 27.
Qf2 Rgc8 28. Qh4 R8c6 29. Rdf1 Qxd4+ 30. Qxd4 Rxd4 31. Rxf7+ Kg6 32. Rxa7 Re4
33. Rf6+ Rxf6 34. exf6 Kxf6 35. Rxh7 Kg5 36. Rh3 Rc4 37. Rb3 Kf4 38. h3 Rc2 39.
Rb4+ Kg3 40. Rg4# 1-0

[Event "9th Sunway Sitges 2022"]
[Site "Sitges ESP"]
[Date "2022.12.13"]
[Round "2.1"]
[White "Kanov, Nikola"]
[Black "Yu, Yangyi"]
[Result "0-1"]
[WhiteTitle "FM"]
[BlackTitle "GM"]
[WhiteElo "2377"]
[BlackElo "2728"]
[WhiteFideId "2928531"]
[BlackFideId "8603820"]
[EventDate "2022.12.12"]

1. e4 c5 2. Nf3 Nc6 3. d4 cxd4 4. Nxd4 Nf6 5. Nc3 d6 6. Bg5 Bd7 7. Qd2 a6 8.
O-O-O e6 9. f4 Be7 10. Nf3 b5 11. Bxf6 gxf6 12. Kb1 b4 13. Ne2 h5 14. f5 e5 15.
Nc1 Qc7 16. Bc4 a5 17. Rhg1 Rc8 18. Bd5 Bf8 19. b3 Ne7 20. Bc4 d5 21. exd5 Nxf5
22. Qe2 Bg7 23. g4 hxg4 24. Rxg4 Kf8 25. Rgg1 Nd6 26. Nd2 Bf5 27. Rdf1 Nb5 28.
Qg2 Nc3+ 29. Ka1 Bg6 30. Qg3 Qb6 31. Qg4 Rc7 32. h4 e4 33. Qg3 f5 0-1

[Event "9th Sunway Sitges 2022"]
[Site "Sitges ESP"]
[Date "2022.12.13"]
[Round "2.2"]
[White "Niemann, Hans Moke"]
[Black "Wagh, Suyog"]
[Result "1-0"]
[WhiteTitle "GM"]
[BlackTitle "FM"]
[WhiteElo "2698"]
[BlackElo "2376"]
[WhiteFideId "2093596"]
[BlackFideId "25071688"]
[EventDate "2022.12.12"]

1. c4 e5 2. g3 Nf6 3. Bg2 d5 4. cxd5 Nxd5 5. Nf3 Nc6 6. O-O Nb6 7. b3 Bd6 8. Bb2
O-O 9. Nc3 Re8 10. Ne4 Bf8 11. Rc1 f6 12. Nh4 Rb8 13. f4 exf4 14. Rxf4 Nd5 15.
Rf1 Ne5 16. Nf2 c5 17. e3 Be6 18. Bxe5 fxe5 19. Ne4 g6 20. Nxc5 Bxc5 21. Rxc5
Qd6 22. Ra5 a6 23. Nf3 Kg7 24. Ng5 b5 25. Qf3 Bg8 26. Nf7 Qc7 27. Qxd5 Bxf7 28.
Qc6 Qxa5 29. Qf6+ Kh6 30. g4 Qd8 31. g5+ Kh5 32. Qg7 Qxg5 33. Rf3 Be6 34. Rg3
Bg4 35. Bf3 Kh4 36. Qxh7+ Bh5 37. Rxg5 Kxg5 38. Bxh5 gxh5 39. Qg7+ Kf5 40. Qf7+
Kg5 41. Qg7+ Kf5 42. Kf2 Ra8 43. Qf7+ Kg5 44. h4+ Kh6 45. Qf6+ Kh7 46. Qf5+ Kg7
47. Qg5+ Kf7 48. Qxh5+ Ke6 49. Qg6+ Kd7 50. Qb6 e4 51. Ke2 a5 52. Qxb5+ Kd6 53.
Qb6+ Ke5 54. Qc5+ Ke6 55. h5 a4 56. bxa4 Rad8 57. Qc6+ Ke5 58. h6 Kf5 59. h7 Ke5
60. Qg6 Ra8 61. a5 Rad8 62. a6 Rf8 63. Qg7+ Ke6 64. a7 Kf5 65. a4 Ke6 66. a5 Kf5
67. a6 Ke6 68. Qg4+ Ke5 69. h8=Q+ Rxh8 70. Qf4+ Kd5 71. Qf5+ Kc6 72. Qxe4+ Kb5
73. Qb7+ Kc4 74. Qc6+ Kb3 75. d4 Rc8 76. a8=Q Rxa8 77. Kd3 Rac8 78. Qb5+ Ka3 79.
a7 Ra8 80. Qb7 Rac8 81. d5 Rcd8 82. e4 1-0

[Event "9th Sunway Sitges 2022"]
[Site "Sitges ESP"]
[Date "2022.12.13"]
[Round "2.3"]
[White "Song, Julien"]
[Black "Van Foreest, Jorden"]
[Result "0-1"]
[WhiteTitle "IM"]
[BlackTitle "GM"]
[WhiteElo "2369"]
[BlackElo "2690"]
[WhiteFideId "659487"]
[BlackFideId "1039784"]
[EventDate "2022.12.12"]

1. d4 d6 2. Nf3 Nf6 3. c4 g6 4. e3 Bg7 5. Be2 O-O 6. Nc3 Bf5 7. Nd2 a5 8. e4 Bd7
9. Nf1 a4 10. a3 h5 11. h3 Nc6 12. d5 Na5 13. Be3 Nb3 14. Rb1 c5 15. Nd2 Nd4 16.
Nf3 Nxf3+ 17. Bxf3 b5 18. e5 Ne8 19. exd6 Nxd6 20. Bxc5 Nxc4 21. Bd4 Bh6 22. O-O
Nd2 23. d6 Ra6 24. dxe7 Qxe7 25. Nd5 Qd8 26. Nb4 Nxb1 27. Nxa6 Nd2 28. Re1 Bc8
29. Bc5 Bxa6 30. Bxf8 Nxf3+ 31. Qxf3 Bxf8 32. Qc6 Qc8 33. Rc1 Qb7 34. Qe8 Qd5
35. h4 Bb7 36. f3 Qd4+ 37. Kf1 Bd5 38. Rc8 Bc4+ 39. Ke1 Qg1+ 40. Kd2 Qxg2+ 41.
Kc1 Qf1+ 42. Kd2 Qd3+ 43. Kc1 Kh7 44. Qxf8 Qe3+ 0-1